000 01812cam a22004574i 4500
003 PE-LiUPU
005 20250731172801.0
008 150617s1947 miu r 000 0 eng d
035 _a(Sirsi) a13081
040 _aPE-LiUPU
_bspa
_cPE-LiUPU
_erda
049 _aPRUA
082 0 4 _a226.1
_bF14
_221
100 1 _aFahling, Adam,
_eautor.
245 1 2 _aA Harmony of the gospels :
_bthe fourfold gospel /
_cAdam Fahling.
264 1 _aMichigan :
_bZonderban Publishing House,
_c[1947]
300 _a237 páginas ;
_c22 centímetros
336 _atext
_2rdacontent
337 _aunmediated
_2rdamedia
338 _avolume
_2rdacarrier
500 _aWith brief explanatory notes.
505 0 _aThe chief divisions of the fourfold gospel -- Analytical outline -- A harmony of the gospels -- The distinctive miracles of Jesus -- The parables of our lord -- Christ distinctly predicts his death and resurrection -- Sabbath controversies -- Busy days in the lord's ministry -- The genealogy of Christ -- The family of Jesus -- Comparative view of dates.
526 _aSEG42
526 _aSEG41
526 _aSEG40
526 _aSEG39
526 _aP94
526 _aP87
526 _aP86
526 _aP85
526 _aP77
526 _aP76
526 _aP35
630 0 4 _aBiblia
_pN.T.
_pEvangelios
_xComentarios.
910 _ajck
_bjvq
_cjck
_d20150616
942 _2ddc
_cBOOK
949 _a226.1 F14
_wDEWEY
_c1
_i06422
_lCCODEBUL1
_mBUL
_p00.00
_r0
_sY
_tBOOK
_u2015-04-22
_xTEOLOGIA
_PP35
_0COMPRA
_o.STAFF. Colección General
994 _aC0
_bPEPRU
596 _a1
999 _a226.1 F14
_wDEWEY
_c3411
_i06422
_f2021-11-9
_g5
_lCCODEBUL1
_mBUL
_p14.99
_r0
_sY
_tBOOK
_u2015-4-22
_xTEOLOGIA
_PP35
_0COMPRA
_o.STAFF. Colección Teología
_d3411
980 _81
_gALBERTO SANCHEZ Responsable de Automatización